[Event "31.Schlosspark-Open"]
[Site "Wiesbaden-Biebrich"]
[Date "2019.08.23"]
[Round "2.54"]
[White "Muenstermann, Matthias"]
[Black "Hagner, Bennet"]
[Result "0-1"]
[WhiteElo "1691"]
[BlackElo "1847"]
[PlyCount "88"]
[EventDate "2019.??.??"]
[WhiteTeam "SK Langen"]
[BlackTeam "Frankfurter TV"]

1. d4 d5 2. c4 c6 3. Nf3 Nf6 4. Nc3 e6 5. Bg5 dxc4 6. a4 Bb4 7. Bd2 Bd7 8. e3
b5 9. Ne5 Qb6 10. Nxd7 Nbxd7 11. Be2 O-O 12. O-O a6 13. Bf3 e5 14. Ne4 Bxd2 15.
Qxd2 Nxe4 16. Bxe4 Nf6 17. Qc2 exd4 18. exd4 Rad8 19. Rfd1 Nxe4 20. Qxe4 Rfe8
21. Qf3 Rd5 22. axb5 axb5 23. h3 Red8 24. Qe4 h6 25. Ra2 c5 26. Qe7 R5d7 27.
Qe5 cxd4 28. Raa1 b4 29. Rac1 c3 30. bxc3 bxc3 31. Qe4 Qe6 32. Qd3 Qg6 33. Qc4
Qf5 34. Qb3 Qc5 35. Qc2 Qc4 36. Rd3 Ra7 37. Rdd1 Ra3 38. Qe4 Ra2 39. Qe7 Raa8
40. Qe4 Rac8 41. Rd3 Qd5 42. Qe2 Ra8 43. Qd1 Qc4 44. Rc2 Ra1 0-1

[Event "31.Schlosspark-Open"]
[Site "Wiesbaden-Biebrich"]
[Date "2019.08.23"]
[Round "2.55"]
[White "Eg, Karlheinz"]
[Black "Torrijos, Javier"]
[Result "0-1"]
[WhiteElo "1888"]
[BlackElo "1689"]
[PlyCount "64"]
[EventDate "2019.??.??"]
[WhiteTeam "SV Rüsselsheim"]
[BlackTeam "Schachforum Darmstadt"]

1. e4 c6 2. d4 d5 3. exd5 cxd5 4. c4 Nf6 5. Nc3 e6 6. Nf3 Nc6 7. Bd3 dxc4 8.
Bxc4 Be7 9. O-O O-O 10. Re1 a6 11. a3 Qc7 12. Qe2 Rd8 13. d5 exd5 14. Ba2 h6
15. Qd3 Be6 16. Bxh6 gxh6 17. Rxe6 fxe6 18. Qg6+ Kf8 19. Qxh6+ Ke8 20. Re1 Qd6
21. Ng5 Kd7 22. Rxe6 Qf4 23. Ne2 Qd2 24. g3 Rh8 25. Qg6 Rag8 26. Rxe7+ Nxe7 27.
Qxf6 Qxg5 28. Qb6 Rb8 29. Nf4 Qh6 30. Qd4 Qxh2+ 31. Kf1 Qh1+ 32. Ke2 Qe4+ 0-1

[Event "31.Schlosspark-Open"]
[Site "Wiesbaden-Biebrich"]
[Date "2019.08.23"]
[Round "2.57"]
[White "Hoffmann, Christian"]
[Black "Pastor, Alexander"]
[Result "0-1"]
[WhiteElo "1883"]
[BlackElo "1668"]
[PlyCount "76"]
[EventDate "2019.??.??"]
[WhiteTeam "BKA Wiesbaden"]
[BlackTeam "SV Hennef"]

1. d4 Nf6 2. Nc3 d5 3. e4 Nxe4 4. Nxe4 dxe4 5. f3 Bf5 6. Bf4 e6 7. Qd2 c6 8.
O-O-O Nd7 9. g4 Bg6 10. h4 exf3 11. Nxf3 Be4 12. Bg2 Be7 13. g5 Nb6 14. Ne5
Bxg2 15. Qxg2 Qd5 16. Qe2 Qxa2 17. c3 Na4 18. Qc2 Qa1+ 19. Kd2 Qxb2 20. Rb1
Qxc2+ 21. Kxc2 Nb6 22. Rhf1 Rf8 23. Nd3 O-O-O 24. Ra1 a6 25. Rab1 Nd5 26. Bd2
Bd6 27. Rb3 Rd7 28. Nb2 b5 29. Ra1 Ra7 30. c4 Ne7 31. c5 Bc7 32. h5 Nf5 33.
Rba3 Rd8 34. Nd3 Nxd4+ 35. Kc3 a5 36. Kb2 Nf3 37. Be3 Ne5 38. Kc2 Nc4 0-1

[Event "31.Schlosspark-Open"]
[Site "Wiesbaden-Biebrich"]
[Date "2019.08.23"]
[Round "2.58"]
[White "Froehlich-Dill, Astrid"]
[Black "Breitbach, Stephan"]
[Result "1-0"]
[WhiteElo "1866"]
[BlackElo "1653"]
[PlyCount "55"]
[EventDate "2019.??.??"]
[WhiteTeam "SV Hofheim"]
[BlackTeam "SC Landskrone"]

1. d4 d5 2. Nf3 Nf6 3. Bf4 Bf5 4. Nbd2 e6 5. c4 Bd6 6. Bxd6 cxd6 7. Qa4+ Nbd7
8. cxd5 exd5 9. e3 O-O 10. Be2 Qb6 11. Qa3 Rac8 12. Bd3 Bxd3 13. Qxd3 Qxb2 14.
O-O Qc3 15. Qb5 Qc6 16. Qb4 Qb6 17. Qa3 a6 18. Rab1 Qc7 19. h3 Ne4 20. Nxe4
dxe4 21. Nd2 d5 22. Qb3 Qc2 23. Qxb7 Qxd2 24. Qxd7 Qxa2 25. Ra1 Qe2 26. Qxd5
Rfe8 27. Qb7 Ra8 28. Ra5 1-0

[Event "31.Schlosspark-Open"]
[Site "Wiesbaden-Biebrich"]
[Date "2019.08.23"]
[Round "2.59"]
[White "Plaumann, Arvin"]
[Black "Bigott, Martin"]
[Result "1/2-1/2"]
[WhiteElo "1667"]
[BlackElo "1860"]
[PlyCount "87"]
[EventDate "2019.??.??"]
[WhiteTeam "SF Heidesheim"]
[BlackTeam "SK Sülz-Klettenberg"]

1. d4 Nf6 2. Nf3 g6 3. c4 Bg7 4. Nc3 O-O 5. e4 d6 6. Be2 Nc6 7. a3 e5 8. d5 Nb8
9. b4 a5 10. Bd2 Ne8 11. O-O f5 12. Qc2 f4 13. Rfc1 Na6 14. Na4 axb4 15. axb4
c6 16. dxc6 bxc6 17. b5 Nb8 18. c5 d5 19. bxc6 dxe4 20. Qxe4 Qc7 21. Qd5+ Kh8
22. Bb5 Ba6 23. Nb6 Ra7 24. Bxa6 Rxa6 25. Rxa6 Nxa6 26. Ng5 Nf6 27. Qd6 Ne8 28.
Ne6 Qf7 29. Qd7 Nf6 30. Qxf7 Rxf7 31. Na8 Ra7 32. Nxg7 Kxg7 33. Nb6 Ne4 34. Bc3
Nxc3 35. Rxc3 Nxc5 36. h3 Ne6 37. Nd7 e4 38. Rb3 Nd4 39. Rb6 Nxc6 40. Nc5 Ra1+
41. Kh2 e3 42. fxe3 fxe3 43. Rxc6 e2 44. Nd3 1/2-1/2

[Event "31.Schlosspark-Open"]
[Site "Wiesbaden-Biebrich"]
[Date "2019.08.23"]
[Round "2.60"]
[White "Staggat, Rolf"]
[Black "Schellen, Sven"]
[Result "0-1"]
[WhiteElo "1639"]
[BlackElo "1855"]
[PlyCount "48"]
[EventDate "2019.??.??"]
[WhiteTeam "Schierstein"]
[BlackTeam "SV Frankfurt Nord"]

1. e4 Nf6 2. d3 e5 3. Nf3 Nc6 4. g3 Bc5 5. Bg2 d6 6. O-O h6 7. c3 Bb6 8. b4 O-O
9. Nbd2 a6 10. a4 Re8 11. Nc4 Ba7 12. b5 Ne7 13. Qc2 axb5 14. axb5 Bxf2+ 15.
Qxf2 Rxa1 16. Qb2 Ra8 17. h3 Ng6 18. Be3 Be6 19. Nfd2 d5 20. Na3 dxe4 21. Nxe4
Nxe4 22. Bxe4 Qd6 23. Ra1 c6 24. Kh2 f5 0-1

[Event "31.Schlosspark-Open"]
[Site "Wiesbaden-Biebrich"]
[Date "2019.08.23"]
[Round "2.61"]
[White "Schmieder, Stefan"]
[Black "Scheid, Lennart"]
[Result "1-0"]
[WhiteElo "1847"]
[BlackElo "1463"]
[PlyCount "83"]
[EventDate "2019.??.??"]
[WhiteTeam "vereinslos"]
[BlackTeam "SK Ladenburg"]

1. e4 c6 2. Nc3 d5 3. Nf3 Nf6 4. e5 Ne4 5. Ne2 Qb6 6. d4 e6 7. Nfg1 f6 8. f3
Ng5 9. exf6 gxf6 10. f4 Nf7 11. Nf3 e5 12. fxe5 fxe5 13. dxe5 Bc5 14. Ned4 Bxd4
15. Nxd4 Nxe5 16. Qh5+ Ng6 17. c3 c5 18. Nf3 Nc6 19. Bd3 Nce7 20. Bxg6+ Qxg6
21. Qxg6+ Nxg6 22. Be3 b6 23. b4 c4 24. O-O Bb7 25. a4 O-O 26. a5 b5 27. a6 Bc6
28. Bc5 Rf7 29. Nd4 Bd7 30. Rxf7 Kxf7 31. Rf1+ Kg8 32. Rf6 Ne5 33. Rd6 Re8 34.
Bxa7 Nd3 35. h3 Re1+ 36. Kh2 Rc1 37. Ne2 Rc2 38. Rxd7 Rxe2 39. Bd4 Ne1 40. a7
Re8 41. Rb7 Nd3 42. Rb8 1-0

[Event "31.Schlosspark-Open"]
[Site "Wiesbaden-Biebrich"]
[Date "2019.08.23"]
[Round "2.62"]
[White "Treiber, Volker"]
[Black "Launert, Martin"]
[Result "1-0"]
[WhiteElo "1633"]
[BlackElo "1837"]
[PlyCount "123"]
[EventDate "2019.??.??"]
[WhiteTeam "SK Lohr"]
[BlackTeam "Sfr. Erbach"]

1. d4 d5 2. Bf4 Nf6 3. e3 e6 4. Nf3 c5 5. Nc3 a6 6. Ne5 Bd7 7. Be2 b5 8. O-O b4
9. Nb1 Be7 10. a3 O-O 11. axb4 cxb4 12. Nd2 Qb6 13. Nxd7 Nbxd7 14. Bd3 a5 15.
b3 Bd6 16. Bxd6 Qxd6 17. Ra2 Ra7 18. Qa1 Qc7 19. h3 Rfa8 20. Rc1 Qb7 21. c4
bxc3 22. Qxc3 g6 23. Rca1 Rc8 24. Qb2 Rca8 25. Nb1 Rb8 26. Nd2 Qb6 27. Qc3 Rba8
28. Rc2 Kg7 29. Qc6 Ne8 30. Rac1 Qb4 31. Qa4 Qxa4 32. bxa4 Nb6 33. Bb5 Nd6 34.
Rc5 Nxb5 35. Rxb5 Nd7 36. Nb3 Kf6 37. f4 Ke7 38. g4 Kd6 39. g5 Ra6 40. Nc5 R6a7
41. Kf2 Ke7 42. Kg3 Rc7 43. h4 Nxc5 44. Rcxc5 Rxc5 45. Rxc5 Ra7 46. Kg4 Kf8 47.
h5 Ke7 48. Rc8 f6 49. Rh8 f5+ 50. Kf3 Kd6 51. hxg6 hxg6 52. Rg8 Rh7 53. Ra8
Rh3+ 54. Ke2 e5 55. Ra6+ Kc7 56. dxe5 Kb7 57. Rxa5 Kb6 58. Rxd5 Rh2+ 59. Kd3
Ra2 60. Rd6+ Kc5 61. Rxg6 Rxa4 62. Rf6 1-0

[Event "31.Schlosspark-Open"]
[Site "Wiesbaden-Biebrich"]
[Date "2019.08.23"]
[Round "2.63"]
[White "Wunschik, Joachim"]
[Black "Sitta, Stefan"]
[Result "1/2-1/2"]
[WhiteElo "1837"]
[BlackElo "1613"]
[PlyCount "60"]
[EventDate "2019.??.??"]
[WhiteTeam "SV Rüsselsheim"]
[BlackTeam "Sfr. Wiesbaden"]

1. d4 e6 2. e4 d5 3. Nd2 Nf6 4. e5 Nfd7 5. Ngf3 c5 6. c3 Nc6 7. Bb5 Qb6 8. Bxc6
bxc6 9. O-O cxd4 10. cxd4 c5 11. Nb3 cxd4 12. Nbxd4 Bc5 13. Re1 O-O 14. Rb1 a5
15. Be3 Ba6 16. Nb3 Bxe3 17. Rxe3 Rac8 18. Ng5 h6 19. Nf3 Rc4 20. Nbd4 Rfc8 21.
b3 Rc3 22. Qd2 Qc5 23. Rxc3 Qxc3 24. Qxc3 Rxc3 25. h3 Bd3 26. Rb2 Nc5 27. Ne2
Rc2 28. Rxc2 Bxc2 29. Nfd4 Bb1 30. Nc3 Bd3 1/2-1/2

[Event "31.Schlosspark-Open"]
[Site "Wiesbaden-Biebrich"]
[Date "2019.08.23"]
[Round "2.64"]
[White "Freund, Stefan"]
[Black "Seidel, Martin"]
[Result "0-1"]
[WhiteElo "1601"]
[BlackElo "1827"]
[PlyCount "58"]
[EventDate "2019.??.??"]
[WhiteTeam "TuS Dotzheim"]
[BlackTeam "SV Hennef"]

1. Nf3 Nf6 2. g3 c5 3. d3 d5 4. Bg2 Nc6 5. O-O e6 6. Nbd2 Be7 7. e4 O-O 8. c3
b6 9. Qe2 Ba6 10. e5 Nd7 11. Re1 Qc7 12. Nf1 Rae8 13. Bf4 Qc8 14. Bh3 Bd8 15.
g4 Ne7 16. Ng3 Ng6 17. Bd2 d4 18. c4 Bc7 19. Ne4 Ndxe5 20. Nxe5 Bxe5 21. Rf1
Qc7 22. f3 Bf4 23. Be1 Be3+ 24. Kh1 Nf4 25. Qc2 Nxh3 26. Bg3 Nf4 27. h4 f5 28.
Bxf4 Qxf4 29. Ng5 Bb7 0-1

[Event "31.Schlosspark-Open"]
[Site "Wiesbaden-Biebrich"]
[Date "2019.08.23"]
[Round "2.65"]
[White "Bjoerknes, Uwe"]
[Black "Lehmann, Wolfgang"]
[Result "1-0"]
[WhiteElo "1825"]
[BlackElo "1599"]
[PlyCount "101"]
[EventDate "2019.??.??"]
[WhiteTeam "SK Bad Homburg"]
[BlackTeam "Wiesbadener SV"]

1. Nf3 Nf6 2. c4 e5 3. Nxe5 d6 4. Nf3 Be7 5. e3 O-O 6. d4 c6 7. Nc3 Bf5 8. Bd3
Bxd3 9. Qxd3 Nbd7 10. e4 c5 11. d5 a6 12. h3 Rb8 13. O-O b5 14. b3 bxc4 15.
Qxc4 Rb4 16. Qe2 Re8 17. Ba3 Rb6 18. Bb2 a5 19. Nd2 Rb8 20. Nc4 Ne5 21. Nxe5
dxe5 22. Rfd1 Bd6 23. Rac1 Rb4 24. Rd3 Rd4 25. Re3 Rb4 26. Nb5 Qb8 27. Nxd6
Qxd6 28. Ba3 Rbb8 29. Bxc5 Qd7 30. Rec3 Rec8 31. a3 a4 32. b4 h6 33. Bb6 Rxc3
34. Rxc3 Rc8 35. Rxc8+ Qxc8 36. Bc5 Nd7 37. Qc2 Nf6 38. Kh2 Qd7 39. f3 Qb5 40.
Bd6 Qe8 41. Qc7 Nd7 42. b5 f6 43. b6 Nxb6 44. Qxb6 Kh7 45. Qe3 Qd7 46. Bb4 Kg8
47. d6 Kf7 48. f4 exf4 49. Qxf4 Qe6 50. Qf5 Qc4 51. Qd5+ 1-0

[Event "31.Schlosspark-Open"]
[Site "Wiesbaden-Biebrich"]
[Date "2019.08.23"]
[Round "2.66"]
[White "Masoudi, Kian"]
[Black "Knoedler, Marcel"]
[Result "0-1"]
[WhiteElo "1598"]
[BlackElo "1647"]
[PlyCount "72"]
[EventDate "2019.??.??"]
[WhiteTeam "SF Frankfurt"]
[BlackTeam "FC Bierstadt"]

1. e4 c6 2. Nf3 d5 3. Nc3 e6 4. d4 Bb4 5. e5 h6 6. Bd2 Ne7 7. a3 Ba5 8. Bd3 Nd7
9. b4 Bc7 10. Ne2 b6 11. c4 c5 12. Bc3 a6 13. Nd2 cxd4 14. Bxd4 Nxe5 15. Qa4+
b5 16. Qc2 bxc4 17. Bxc4 dxc4 18. Nxc4 Nxc4 19. Qxc4 e5 20. Be3 Be6 21. Qc3 O-O
22. Rd1 Qb8 23. O-O Nd5 24. Qc1 Nxe3 25. Qxe3 Rd8 26. Rc1 Bb6 27. Qg3 Bd4 28.
Rc2 Qb7 29. Rfc1 Rac8 30. Nxd4 exd4 31. Qd3 Rxc2 32. Rxc2 Rc8 33. Rxc8+ Qxc8
34. h3 Qc4 35. Qe4 d3 36. Qe3 Qc2 0-1

[Event "31.Schlosspark-Open"]
[Site "Wiesbaden-Biebrich"]
[Date "2019.08.23"]
[Round "2.67"]
[White "Koerbel, Ekkehard"]
[Black "Baumeister, Lutz"]
[Result "1-0"]
[WhiteElo "1820"]
[BlackElo "1505"]
[PlyCount "45"]
[EventDate "2019.??.??"]
[WhiteTeam "SK Geisenheim"]
[BlackTeam "Wiesbadener SV"]

1. Nf3 Nf6 2. g3 g6 3. Bg2 Bg7 4. d3 d5 5. Nbd2 O-O 6. O-O Nbd7 7. e4 dxe4 8.
dxe4 e5 9. Qe2 Re8 10. Rd1 c6 11. Nc4 Qc7 12. b3 Bf8 13. a4 b5 14. axb5 cxb5
15. Na3 Bxa3 16. Bxa3 a6 17. Rd6 Bb7 18. Ne1 Red8 19. Rad1 Ne8 20. R6d3 f6 21.
Qd2 Bc6 22. Bh3 Ra7 23. Be7 1-0

[Event "31.Schlosspark-Open"]
[Site "Wiesbaden-Biebrich"]
[Date "2019.08.23"]
[Round "2.68"]
[White "Spiegel, Nina"]
[Black "Schubert, Wolfgang"]
[Result "0-1"]
[WhiteElo "1593"]
[BlackElo "1820"]
[PlyCount "102"]
[EventDate "2019.??.??"]
[WhiteTeam "Sfr. Wiesbaden"]
[BlackTeam "Wiesbadener SV"]

1. e4 c5 2. d3 Nc6 3. f4 e6 4. Nf3 d6 5. Be2 g6 6. O-O Nge7 7. c3 Bg7 8. Na3
O-O 9. Nc2 Qc7 10. Be3 Bd7 11. Qe1 f5 12. Qh4 Rae8 13. Nd2 b6 14. Rf3 Bf6 15.
Qh6 Rf7 16. Rh3 e5 17. Rg3 Bg7 18. Qh4 Be6 19. Nf3 Bf6 20. Qh6 Kh8 21. Ng5 Bxg5
22. Rxg5 fxe4 23. dxe4 exf4 24. Bd2 d5 25. Bg4 Bxg4 26. Rxg4 dxe4 27. Bxf4 Qd7
28. Qg5 Qe6 29. Rf1 Rf5 30. Qh6 Rh5 31. Be5+ Nxe5 32. Rf8+ Ng8 33. Rxg8+ Qxg8
34. Qxh5 gxh5 35. Rxg8+ Kxg8 36. Ne3 Nd3 37. Nd5 Kg7 38. Kf1 Rf8+ 39. Ke2 Nf4+
40. Nxf4 Rxf4 41. Ke3 Rg4 42. b4 Kf6 43. h3 Rh4 44. g3 Rxh3 45. Kxe4 Ke6 46.
Kf4 Rh2 47. a4 Kd5 48. g4 hxg4 49. Kxg4 cxb4 50. cxb4 Kc4 51. b5 Kb4 0-1

[Event "31.Schlosspark-Open"]
[Site "Wiesbaden-Biebrich"]
[Date "2019.08.23"]
[Round "2.69"]
[White "Mengel, Alexander"]
[Black "Schmitt, Clemens"]
[Result "1-0"]
[WhiteElo "1439"]
[BlackElo "1813"]
[PlyCount "61"]
[EventDate "2019.??.??"]
[WhiteTeam "SC Niederfischbach"]
[BlackTeam "SV Bergwinkel"]

1. e4 c5 2. Nf3 d6 3. d4 cxd4 4. Nxd4 Nf6 5. Nc3 a6 6. Be2 e6 7. Be3 Nbd7 8.
Nb3 b5 9. f3 Bb7 10. Qd2 Rc8 11. a3 Ne5 12. O-O Nc4 13. Bxc4 bxc4 14. Nd4 d5
15. e5 Nd7 16. f4 g6 17. Nce2 h5 18. Kh1 h4 19. Ng1 Nc5 20. Nh3 Ne4 21. Qe1 c3
22. b4 Be7 23. Nf3 Rc7 24. Bb6 Qc8 25. Bxc7 Qxc7 26. Rd1 Bc6 27. Nd4 Bd7 28.
Qe3 Ba4 29. Qd3 Nd2 30. Qxa6 Nxf1 31. Qxa4+ 1-0

[Event "31.Schlosspark-Open"]
[Site "Wiesbaden-Biebrich"]
[Date "2019.08.23"]
[Round "2.70"]
[White "Giesau, Bernhard"]
[Black "Scholz, Benedict"]
[Result "1/2-1/2"]
[WhiteElo "1811"]
[BlackElo "1533"]
[PlyCount "112"]
[EventDate "2019.??.??"]
[WhiteTeam "SK Gau-Algesheim"]
[BlackTeam "SV Eichlinghofen"]

1. Nf3 Nf6 2. c4 g6 3. Nc3 Bg7 4. d4 d6 5. e4 O-O 6. h3 Nbd7 7. Bd3 c5 8. Be3
Qc7 9. d5 a6 10. O-O Nb6 11. Rb1 e6 12. Qd2 Nbd7 13. Bh6 b6 14. Bxg7 Kxg7 15.
Ne2 Rb8 16. dxe6 fxe6 17. Ng5 Ne5 18. f4 Nxd3 19. Qxd3 h6 20. Nf3 Bb7 21. Nd2
Qc6 22. Ng3 d5 23. Rbe1 Rbd8 24. Qe2 dxc4 25. Nxc4 Rd4 26. Ne5 Qa4 27. b3 Qb4
28. Nf3 Nxe4 29. Nh1 Rdd8 30. Qb2+ Kg8 31. Qe5 Bd5 32. Nh4 Qd4+ 33. Kh2 Qxe5
34. fxe5 Kg7 35. Ng3 Nxg3 36. Kxg3 g5 37. Nf3 Bxf3 38. gxf3 Rd2 39. Rf2 Rd3 40.
Kg2 Rf5 41. Re4 Rd4 42. Re3 c4 43. bxc4 Rxc4 44. Rd2 Rc5 45. Rd6 Rfxe5 46. Rxe5
Rxe5 47. Rxb6 Re2+ 48. Kg3 a5 49. Ra6 Re5 50. f4 Re3+ 51. Kg4 Re4 52. Rxa5
Rxf4+ 53. Kg3 Kf6 54. a4 h5 55. Ra8 Ke5 56. Ra5+ Kf6 1/2-1/2

[Event "31.Schlosspark-Open"]
[Site "Wiesbaden-Biebrich"]
[Date "2019.08.23"]
[Round "2.71"]
[White "Probstfeld, Bernd"]
[Black "Hipler, Andreas"]
[Result "0-1"]
[WhiteElo "1573"]
[BlackElo "1801"]
[PlyCount "80"]
[EventDate "2019.??.??"]
[WhiteTeam "SG Pieroth"]
[BlackTeam "SK Gau-Algesheim"]

1. d4 Nf6 2. Nf3 e6 3. c4 b6 4. g3 Bb7 5. Bg2 Bb4+ 6. Bd2 Qe7 7. a3 Bxd2+ 8.
Nbxd2 d6 9. Qc2 Nbd7 10. O-O O-O 11. e4 e5 12. d5 g6 13. Rfe1 Nh5 14. Nh4 Ng7
15. Bh3 a5 16. b4 Bc8 17. Nf1 Nf6 18. Bxc8 Rfxc8 19. Ne3 Nd7 20. f3 Qg5 21. Qf2
Re8 22. Kh1 Qe7 23. Qc2 Ra7 24. Ra2 Rea8 25. Rea1 Qg5 26. Nhg2 f5 27. f4 Qf6
28. exf5 Nxf5 29. Ng4 Qg7 30. b5 Nd4 31. Qf2 Rf8 32. Qe3 Nf5 33. Qe2 h5 34.
N4e3 Nd4 35. Qd3 Nc5 36. Qd1 Ne4 37. Rb2 Raa8 38. Rc1 Rae8 39. Kg1 exf4 40.
Nxf4 Nf3+ 0-1

[Event "31.Schlosspark-Open"]
[Site "Wiesbaden-Biebrich"]
[Date "2019.08.23"]
[Round "2.72"]
[White "Ohler, Julius"]
[Black "Jahraus, Marlis"]
[Result "1-0"]
[WhiteElo "1798"]
[BlackElo "1578"]
[PlyCount "143"]
[EventDate "2019.??.??"]
[WhiteTeam "SG Trier"]
[BlackTeam "SC Untergrombach"]

1. d4 f5 2. c4 Nf6 3. Nc3 g6 4. g3 Bg7 5. Bg2 O-O 6. Nf3 d6 7. O-O c6 8. Qc2
Na6 9. a3 Qe8 10. e4 fxe4 11. Nxe4 Nxe4 12. Qxe4 Bf5 13. Qe2 Qd7 14. Re1 Rae8
15. Bf4 Bg4 16. Qd3 Nc7 17. Rad1 Ne6 18. Bc1 Nxd4 19. Nxd4 Bxd1 20. Rxd1 Qg4
21. h3 Qc8 22. Re1 e6 23. h4 d5 24. Bh3 Bxd4 25. Qxd4 e5 26. Qg4 Qd8 27. Bh6
Rf7 28. cxd5 cxd5 29. Qa4 Qb8 30. Qb5 d4 31. Qd5 Rd8 32. Qxe5 Qxe5 33. Rxe5 Kh8
34. Bg5 Rdf8 35. Re2 Kg7 36. Rd2 h6 37. Bf4 Rxf4 38. gxf4 Rxf4 39. Kg2 Rxh4 40.
Kg3 g5 41. f3 Kf6 42. Bc8 b6 43. Bb7 Ke5 44. Re2+ Kd6 45. Be4 Rf4 46. Rc2 Ke5
47. Rc8 Rf6 48. Re8+ Kd6 49. Rd8+ Ke5 50. Rd5+ Ke6 51. Rxd4 h5 52. Rd5 g4 53.
Rxh5 gxf3 54. Bxf3 Kd6 55. Rh7 a5 56. Rh5 Re6 57. Kf2 Re7 58. Rb5 Kc7 59. Kg3
Re6 60. Kf4 Re1 61. Be4 Rc1 62. Ke5 Rd1 63. Rd5 Rc1 64. Rd2 Rc5+ 65. Bd5 b5 66.
Rh2 b4 67. a4 b3 68. Rh3 Rc1 69. Rxb3 Ra1 70. Rc3+ Kb6 71. Rc6+ Ka7 72. b3 1-0

[Event "31.Schlosspark-Open"]
[Site "Wiesbaden-Biebrich"]
[Date "2019.08.23"]
[Round "2.73"]
[White "Witt, Alexander"]
[Black "Merges, Harald"]
[Result "0-1"]
[WhiteElo "1554"]
[BlackElo "1797"]
[PlyCount "28"]
[EventDate "2019.??.??"]
[WhiteTeam "Vorw.Orient Mainz"]
[BlackTeam "SG Reil-Kinheim"]

1. e4 e6 2. d4 d5 3. e5 c5 4. Nf3 cxd4 5. Nxd4 Nc6 6. a3 Nxe5 7. Bf4 Ng6 8. Bg3
a6 9. c4 Nf6 10. Nc3 Bd6 11. Bd3 O-O 12. Qc2 dxc4 13. Bxc4 Bxg3 14. O-O-O Bf4+
0-1

[Event "31.Schlosspark-Open"]
[Site "Wiesbaden-Biebrich"]
[Date "2019.08.23"]
[Round "2.74"]
[White "Rabiya, Karim"]
[Black "Schneider, Luca"]
[Result "1-0"]
[WhiteElo "1797"]
[BlackElo "1512"]
[PlyCount "37"]
[EventDate "2019.??.??"]
[WhiteTeam "SK Niederbrechen"]
[BlackTeam "FC Bierstadt"]

1. e4 Nf6 2. e5 Nd5 3. c4 Nb6 4. d4 d6 5. exd6 cxd6 6. Be3 Nc6 7. Nc3 g6 8. Rc1
Bg7 9. b3 O-O 10. Nf3 Bg4 11. Be2 e5 12. d5 Bxf3 13. Bxf3 Ne7 14. c5 dxc5 15.
Bxc5 Rc8 16. b4 Re8 17. O-O f5 18. d6 Nc6 19. Bxb6 1-0

[Event "31.Schlosspark-Open"]
[Site "Wiesbaden-Biebrich"]
[Date "2019.08.23"]
[Round "2.75"]
[White "Herrmann, Gerhard"]
[Black "Zeyen, Helmut"]
[Result "0-1"]
[WhiteElo "1554"]
[BlackElo "1796"]
[PlyCount "96"]
[EventDate "2019.??.??"]
[WhiteTeam "SC Königsspringer Alzenau"]
[BlackTeam "Wiesbadener SV"]

1. e4 d5 2. exd5 Nf6 3. d4 Bg4 4. Be2 Bxe2 5. Nxe2 Qxd5 6. O-O e6 7. Nbc3 Qd7
8. Bf4 a6 9. Re1 Be7 10. Ng3 Nc6 11. Nce2 Rd8 12. c3 h6 13. Qc2 Bd6 14. Rad1
O-O 15. Bxd6 cxd6 16. Ne4 Nxe4 17. Qxe4 d5 18. Qf4 Qd6 19. Qxd6 Rxd6 20. Nf4 b6
21. b4 a5 22. a3 Rc8 23. Rc1 a4 24. Nd3 Na7 25. Nb2 Nb5 26. Nxa4 Ra8 27. Nb2
Rxa3 28. Nd1 Rc6 29. Ne3 Raxc3 30. Rxc3 Rxc3 31. Re2 Rc1+ 32. Nf1 Nxd4 33. Rb2
Rc2 34. Rb1 Ne2+ 35. Kh1 Rc1 36. Rxc1 Nxc1 37. Nd2 Nd3 38. b5 Nxf2+ 39. Kg1 Ne4
40. Nxe4 dxe4 41. Kf2 f5 42. Ke3 h5 43. Kf4 Kf7 44. g3 Kf6 45. h3 e5+ 46. Ke3
Kg5 47. g4 hxg4 48. hxg4 Kxg4 0-1

[Event "31.Schlosspark-Open"]
[Site "Wiesbaden-Biebrich"]
[Date "2019.08.23"]
[Round "2.76"]
[White "Scheer, Walter"]
[Black "Traut, Stefan"]
[Result "1-0"]
[WhiteElo "1796"]
[BlackElo "1559"]
[PlyCount "65"]
[EventDate "2019.??.??"]
[WhiteTeam "SK Mainaschaff"]
[BlackTeam "SF Heusenstamm"]

1. Nf3 Nf6 2. d4 c5 3. Nc3 e6 4. e4 cxd4 5. Nxd4 d6 6. g4 h6 7. Rg1 Be7 8. Be3
Nc6 9. Qd2 a6 10. O-O-O Qc7 11. h4 Bd7 12. g5 hxg5 13. hxg5 Ng8 14. Kb1 O-O-O
15. Be2 Ne5 16. Nb3 Kb8 17. Qd4 Nc6 18. Qxg7 Rh2 19. Rh1 Rxh1 20. Rxh1 Ne5 21.
Rh8 Qc8 22. f4 Ng6 23. Qd4 Bc6 24. Rh1 Rf8 25. Rd1 f6 26. Qa7+ Kc7 27. Qb6+ Kb8
28. Na5 Bd8 29. Qa7+ Kc7 30. Nxc6 Kxc6 31. Qd4 Bc7 32. Qa4+ b5 33. Bxb5+ 1-0

[Event "31.Schlosspark-Open"]
[Site "Wiesbaden-Biebrich"]
[Date "2019.08.23"]
[Round "2.77"]
[White "Troeger, Beate"]
[Black "Meyer, Marcel"]
[Result "0-1"]
[WhiteElo "1483"]
[BlackElo "1770"]
[PlyCount "46"]
[EventDate "2019.??.??"]
[WhiteTeam "Vorw.Orient Mainz"]
[BlackTeam "SC Herborn"]

1. f4 d5 2. Nf3 g6 3. g3 Bg7 4. Bg2 c6 5. O-O Qb6+ 6. d4 Nd7 7. e3 Ngf6 8. Ne5
O-O 9. b3 Nxe5 10. fxe5 Bg4 11. Bf3 Bxf3 12. Qxf3 Ne4 13. h4 f6 14. Qg4 f5 15.
Qf4 e6 16. a4 h6 17. Ba3 Rf7 18. g4 g5 19. hxg5 hxg5 20. Qf3 Qc7 21. c3 fxg4
22. Qxg4 Rxf1+ 23. Kxf1 Qf7+ 0-1

[Event "31.Schlosspark-Open"]
[Site "Wiesbaden-Biebrich"]
[Date "2019.08.23"]
[Round "2.78"]
[White "Markosyan, Aleksandr"]
[Black "Kuenne, Lutz"]
[Result "1-0"]
[WhiteElo "1730"]
[BlackElo "1546"]
[PlyCount "93"]
[EventDate "2019.??.??"]
[WhiteTeam "SG Idstein"]
[BlackTeam "KC Jena"]

1. e4 c5 2. Nf3 d6 3. d4 cxd4 4. Nxd4 Nf6 5. Nc3 g6 6. Bc4 Bg7 7. Be3 O-O 8. f3
Nc6 9. Qd2 Na5 10. Be2 Be6 11. Nxe6 fxe6 12. O-O-O Nd7 13. Bh6 Ne5 14. Bxg7
Kxg7 15. h4 Nf7 16. h5 Rh8 17. Nb5 a6 18. Nd4 Qd7 19. Qxa5 Rac8 20. Qd2 e5 21.
Nb3 Rc7 22. hxg6 hxg6 23. Rxh8 Nxh8 24. Qg5 Nf7 25. Qh4 Qc8 26. Bd3 Qh8 27.
Qxh8+ Nxh8 28. Rh1 Nf7 29. Kd2 b5 30. g3 Ng5 31. Ke3 Ne6 32. c3 Nc5 33. Nxc5
Rxc5 34. Kd2 e6 35. Rh4 d5 36. exd5 exd5 37. Rg4 Rc6 38. a4 bxa4 39. Rxa4 Rb6
40. Kc2 Rf6 41. Rxa6 Rxa6 42. Bxa6 Kf6 43. Kd3 g5 44. Bc8 Ke7 45. b4 Kd6 46.
Bb7 Ke6 47. Bxd5+ 1-0

[Event "31.Schlosspark-Open"]
[Site "Wiesbaden-Biebrich"]
[Date "2019.08.23"]
[Round "2.79"]
[White "Scheerer, Julian"]
[Black "Kuenitz, Klaus"]
[Result "1-0"]
[WhiteElo "1400"]
[BlackElo "1787"]
[PlyCount "53"]
[EventDate "2019.??.??"]
[WhiteTeam "SV Ffm-Griesheim"]
[BlackTeam "TSV Schott Mainz"]

1. e4 e5 2. Nf3 Nc6 3. Bc4 Be7 4. d4 exd4 5. Nxd4 Ne5 6. Bb3 d6 7. O-O Nf6 8.
Nc3 O-O 9. h3 Bd7 10. a3 Nc6 11. Be3 Nxd4 12. Bxd4 c6 13. Kh1 Be6 14. f4 Bxb3
15. cxb3 Qc7 16. Rc1 a6 17. e5 Ne8 18. Nd5 Qd8 19. Bb6 Qd7 20. Nxe7+ Qxe7 21.
exd6 Nxd6 22. Bc5 Rfd8 23. Rc3 Qf6 24. Bb6 Re8 25. Rc1 Ne4 26. Qd3 Qxb2 27. Rc2
1-0

[Event "31.Schlosspark-Open"]
[Site "Wiesbaden-Biebrich"]
[Date "2019.08.23"]
[Round "2.80"]
[White "Wachsmann, Elmar"]
[Black "Hedrich, Gerd"]
[Result "1-0"]
[WhiteElo "1783"]
[BlackElo "1472"]
[PlyCount "79"]
[EventDate "2019.??.??"]
[WhiteTeam "SC Groß-Umstadt"]
[BlackTeam "Wiesbadener SV"]

1. d4 d5 2. c4 e6 3. Nc3 Nf6 4. cxd5 exd5 5. Bg5 Bb4 6. e3 c6 7. Bd3 Be6 8. Qc2
h6 9. Bh4 Nbd7 10. Nge2 Bd6 11. f3 Qc7 12. e4 dxe4 13. fxe4 Nh5 14. Bf2 Nf4 15.
Nxf4 Bxf4 16. g3 Bg5 17. h4 Be7 18. O-O-O a6 19. Kb1 Nf6 20. Rhe1 O-O 21. e5
Ng4 22. Bg1 h5 23. Ne4 Qa5 24. b3 Qd8 25. Qc1 Re8 26. Ng5 Bxg5 27. hxg5 g6 28.
Rf1 Bd5 29. Be3 Re6 30. Bd2 a5 31. Rf4 Qe7 32. Rdf1 Rf8 33. Bxa5 Qxg5 34. Bb4
Nh2 35. Bxf8 Nxf1 36. Qxf1 Kxf8 37. Rxf7+ Ke8 38. Rxb7 Re7 39. Rb8+ Kd7 40. Qf8
1-0